000 00682nam a2200241Ia 4500
003 OSt
005 20220918223334.0
006 a|||||r|||| 00| 0
007 ta
008 220917b |||||||| |||| 00| 0 eng d
024 _a222,027
037 _cTextual
040 _aARTS
_cARTS
_beng
041 _2eng
_aeng
082 _aV1:19, N3
100 _aArmstrong David
_997987
245 0 _aRevolution and world order
_b The revolutionary state in international history
260 _aOxford
_bOxford Univ. press
_c1993
300 _aviii, 328p
_ccm.
650 _aPOLITICAL SCIENCE
942 _hV1:19, N3
_cTEXL
_2CC
999 _c278215
_d278215